000 00682nam a2200241Ia 4500
003 OSt
005 20220918212429.0
006 a|||||r|||| 00| 0
007 ta
008 220917b |||||||| |||| 00| 0 eng d
024 _a128,836
037 _cTextual
040 _aARTS
_cARTS
_beng
041 _2eng
_aeng
082 _aX:321-6.73.N5, K3
100 _aSmith Paul F
_9123793
245 0 _aConsumer credit costs 1949-59
260 _c1963
490 _aNational bureau of economic research, studies in consumer instalment financing series; 11
650 _aECONOMICS
942 _hX:321-6.73.N5, K3
_cTEXL
_2CC
999 _c251970
_d251970